000 00715nam a2200289Ia 4500
005 20260324133927.0
008 008 260324s9999 xx 000 0 eng d
020 _a9781315783239
037 _aEBOOK
040 _aCRL
040 _beng
040 _cCRL
041 _2eng
041 _aeng
084 _qCRL
100 _aSir David Ramsbotham; Jane L. Ireland
_91194908
245 0 _aBullying Among Prisoners
245 0 _bEvidence, Research and Intervention Strategies
260 _bTaylor and Francis
260 _c2002
365 _a
365 _b62.99
856 _uhttp://www.taylorfrancis.com/books/9781315783239
942 _cEBOOK
999 _c1794472
_d1794472